zpět

Detail výsledku týmu

Hostinec Depo, Český Krumlov

Datum a čas kvízu

20.5 Celkem bodů Celkový počet nahraných bodů na tomto kvízu bez doplňovacích otázek.
4. Pořadí na kvízu Konečné umístění týmu na tomto kvízu.

Zaznamenané odpovědi

# Otázka Odpověď Body Výsledky
1. Novým generálním ředitelem Čes... Václav Nebeský 0
2. Ruská poslankyně Natalja Poklo... na Krym 0
3. Ve čtvrtek vstoupil do našich... Hynek Čermák 1
4. V pondělí jsme se dozvěděli, ž... Thomas Cook 1
5. V pátek začal světový šampioná... Katar 0
6. V tomto tématu se podíváme na... Vyšehrad, Blaník 1
7. Moderátorka a zpěvačka Emma Sm... Karel Oliva 1
8. Kterým slovem na pět písmen by... nažka 1
9. Po Bedřichu Smetanovi byl pojm... Merkur 0
10. Futuretro, Biorytmy, Kluci kde... Tata Bojs 0